| 000 | 00589nam a2200241Ia 4500 | ||
|---|---|---|---|
| 003 | OSt | ||
| 005 | 20220916110942.0 | ||
| 006 | a|||||r|||| 00| 0 | ||
| 007 | ta | ||
| 008 | 220915b |||||||| |||| 00| 0 ben d | ||
| 024 | _a28,789 | ||
| 037 | _cTextbook | ||
| 040 |
_bben _aARTS _cARTS |
||
| 041 | _aben | ||
| 082 | _aO157,1xN5, L0 | ||
| 100 | _aGhosh | ||
| 245 | 0 | _aBaBanglar mati bangaler jal | |
| 260 |
_aKolkata _bIndia |
||
| 300 |
_a80p. _ccm. |
||
| 650 | _aBENGALI LITERATURE | ||
| 942 |
_hO157,1xN5, L0 _cTB _2CC |
||
| 999 |
_c102144 _d102144 |
||